00633 2200229 4500001002100000005001700021008004100038035002400079090001500103100002300118245008900141250001000230260003000240300002500270500002700295650001900322850001500341980001100356985000600367999001500373999001500388YOGYA-0209000003871620090227025409.0 ind  0010-020900000038716 a420bNoo S aNOORYANTI, Fauziah aStrategi baru mempelajari bahasa Inggris (Secara mudah dan benar)cFauziah Nooryanti aCet.1 aYogyakartabAbsolutc2002 aviii, 283 hlmc21 cm aBibliografi : hlm. 283 aBahasa Inggris aYOPDYOG(M) a060506 a2 a05B0011839 a05B0011840